000 00644nam a2200193 4500
999 _c170750
_d170750
005 20191224142152.0
010 _aENG-127230
020 _a9789352872909
_c1150.00
035 _aEN-110762
037 _bDBAD/PUB
082 _a331.544
245 _aMigrants and the neoliberal city /
_ced.by Ranbir Samaddar
260 _aHyderabad
_bOrient Blackswan
_c2018
270 _a3-6-752, Himayatnagar
_bHyderabad, Telangana
_e500029
_mcentraloffice@orientblackswan.com
300 _axii;362p.
_c22cm(Hb)
500 _aIncludes bibliographical references and index
700 _aSamaddar, Ranbir
942 _2ddc
_cEN
_h331.544
_mSAM